Eléments d'analyse mathématique : à l'usage des ingénieurs et des physiciens, cours professé à l'École Centrale des Arts et Manufactures /
Guardado en:
| Autor Principal: | |
|---|---|
| Formato: | Libro |
| Idioma: | French |
| Publicado: |
Paris :
Gauthier-Villars,
[1905].
|
| Edición: | 2. éd. |
| Etiquetas: |
Agregar Etiqueta
Sin Etiquetas, Sea el primero en etiquetar este registro!
|
| LEADER | 00637nam a22001691a 4500 | ||
|---|---|---|---|
| 001 | MAT.inmabb002546 | ||
| 008 | 861112s1905####fr#a##########001#0#fre## | ||
| 005 | 20160321163327.0 | ||
| 245 | 1 | 0 | |a Eléments d'analyse mathématique : |b à l'usage des ingénieurs et des physiciens, cours professé à l'École Centrale des Arts et Manufactures / |c par Paul Appell. |
| 250 | |a 2. éd. | ||
| 260 | |a Paris : |b Gauthier-Villars, |c [1905]. | ||
| 300 | |a 714 p. : |b il. ; |c 25 cm. | ||
| 100 | 1 | |a Appell, Paul, |d 1855-1930. | |
| 084 | |a 26-01 (26A01 26B05) |2 msc2000 | ||
| 010 | |a 15000374 | ||
| 040 | |a DLC/ICU |c ICU |d DLC | ||
| 859 | |h 26 |i Ap646-2 |p A-8206 |b BIB. MATEMATICA | ||
